Children / (Record no. 14266)

000 -LEADER
fixed length control field 00464cam a22001694a 4500
020 ## - INTERNATIONAL STANDARD BOOK NUMBER
ISBN 069736447X (acidfree paper)
040 ## - CATALOGING SOURCE
Transcribing agency DLC
082 00 - DEWEY DECIMAL CLASSIFICATION NUMBER
Classification number 305 MCG 2000 A066 Or.
100 1# - MAIN ENTRY--AUTHOR NAME
Personal name Santrock, John W.
245 10 - TITLE STATEMENT
Title Children /
250 ## - EDITION STATEMENT
Edition statement 6th ed.
260 ## - PUBLICATION, DISTRIBUTION, ETC. (IMPRINT)
Place of publication Boston :
Name of publisher McGraw-Hill,
Year of publication c2000.
300 ## - PHYSICAL DESCRIPTION
Number of Pages xxx, 531, G1-9, R1-21, C1-3, NI1-8, SI1-11 p. :
Other physical details ill. (some col.) ;
Dimensions 28 cm.
650 #0 - SUBJECT ADDED ENTRY--TOPICAL TERM
Topical Term Child development.
650 #0 - SUBJECT ADDED ENTRY--TOPICAL TERM
Topical Term Adolescence.
942 ## - ADDED ENTRY ELEMENTS (KOHA)
Koha item type សៀវភៅភាសាអង់គ្លេស
952 ## - LOCATION AND ITEM INFORMATION (KOHA)
Withdrawn status [LOCAL, KOHA] 0
Holdings
Permanent Location Date acquired Koha item type Lost status Shelving location Barcode Current Location Full call number
Library Block A2017-10-11សៀវភៅភាសាអង់គ្លេស A066A19678Library Block A305 MCG 2000 A066 Or.
មជ្ឈមណ្ឌលឯការនៃសាកលវិទ្យាល័យភូមិន្ទកសិកម្មចំការដូង

Powered by Koha